01146nam a2200301 a 4500001001200000003000800012006001900020007001500039008004100054010001700095020002200112040002100134035002100155043001200176050002700188100002000215245007400235246002000309260007100329300001500400504005100415533015200466650003700618655002900655710001700684856012600701999001700827ebr10146631CaPaEBRm u cr cn|||||||||051215s2006 mau sb 001 0 eng  z 2005938718 z1598631438 (pbk.) aCaPaEBRcCaPaEBR a(OCoLC)191935854 an-us---14aKF3035.Z9bM674 2006eb1 aMoser, David J.10aMoser on music copyrighth[electronic resource] /cby David J. Moser.30aMusic copyright aBoston, MA :bThomson Course Technology :bArtistpro Pub.,cc2006. axv, 232 p. aIncludes bibliographical references and index. aElectronic reproduction.bPalo Alto, Calif. :cebrary,d2013.nAvailable via World Wide Web.nAccess may be limited to ebrary affiliated libraries. 0aCopyrightxMusiczUnited States. 7aElectronic books.2local2 aebrary, Inc.40uhttp://site.ebrary.com/lib/rucke/Doc?id=10146631zAn electronic book accessible through the World Wide Web; click to view c87992d87992